How to cultivate : (Record no. 42045)

MARC details
000 -LEADER
fixed length control field 00848nam a22002297a 4500
005 - DATE AND TIME OF LATEST TRANSACTION
control field 20100816102422.0
010 ## - LCCN (DPL NO)
LC control number ENG-100378
020 ## - INTERNATIONAL STANDARD BOOK NUMBER
International Standard Book Number 9788188132188
Terms of availability 70.00
035 ## - SYSTEM CONTROL NUMBER
System control number EN-83910
037 ## - SOURCE OF ACQUISITION
Source of stock number/acquisition DBAD/PUB
082 ## - DEWEY DECIMAL CLASSIFICATION NUMBER
Classification number 613.7
100 ## - MAIN ENTRY--PERSONAL NAME
Personal name Senjam, Suraj Singh
245 ## - TITLE STATEMENT
Title How to cultivate :
Remainder of title a healthy lifestyle /
Statement of responsibility, etc by Suraj Singh Senjam, Parveen Bhalla [and] Amarjeet Singh
260 ## - PUBLICATION, DISTRIBUTION, ETC. (IMPRINT)
Place of publication, distribution, etc New Delhi
Name of publisher, distributor, etc Century Publications
Date of publication, distribution, etc 2009
270 ## - ADDRESS
Address 46, Masih Garh
City New Delhi
Postal code 110025
300 ## - PHYSICAL DESCRIPTION
Extent 49p.:
Other physical details ill.
Dimensions 22cm (pbk)
500 ## - GENERAL NOTE
General note Includes bibliographical references
700 ## - ADDED ENTRY--PERSONAL NAME
Personal name Bhalla, Parveen
9 (RLIN) 13704
700 ## - ADDED ENTRY--PERSONAL NAME
Personal name Singh, Amarjeet
9 (RLIN) 13705
942 ## - ADDED ENTRY ELEMENTS (KOHA)
Source of classification or shelving scheme Dewey Decimal Classification
Item type English Books
Classification part 613.7
Call number suffix SEN
Holdings
Withdrawn status Lost status Not for loan Home library Current library Date acquired Source of acquisition Cost, normal purchase price Full call number Barcode Copy number Cost, replacement price Koha item type
    Not For Loan D.B.Act.Division D.B.Act.Division 16/08/2010 DBAD/PUB 70.00 613.7 SEN EN-83910 1 70.00 English Books

© Delhi Public Library
Hit Counter
free hit counter